000
00503nam a2200169Ia 4500
008
090711s9999 xx 000 0 und d
082
_b
30188
100
_a
भावे पुरुषोत्तम भा.
245
_a
मुद्रा
260
_c
1974
300
_a
125
600
_a
भावे पुरुषोत्तम भा.
630
_a
मुद्रा
700
_a
भावे पुरुषोत्तम भा.
730
_a
मुद्रा
942
_c
BOOK
999
_c
285966
_d
285966